000 00742 a2200217 4500
020 _a0824793242
020 _a9780824793241
082 0 4 _a516.37
090 _c1577
_d1577
100 1 _aBeem, John K.
245 1 0 _aGlobal lorentzian geometry /
_cJohn K. Beem, Paul Ehrlich, Kevin Easley.
250 _a2nd ed.
260 _a[S.l.] :
_bCRC Press,
_c1996.
300 _a656 p. ;
_c23 cm.
490 1 _aChapman & hall/crc pure and applied mathematics.
700 1 _aEhrlich, Paul.
700 1 _aEasley, Kevin.
830 0 _aChapman & hall/crc pure and applied mathematics.
942 _aSNS
_cBK
_k516.37 BEE
999 _c30187
_d30187